[Event "FIDE Olympiad Disabilties 2020"]
[Site "Online"]
[Date "2020.11.21"]
[Round "6.8"]
[White "Acs, Gabor"]
[Black "Duong, Hien Vuong"]
[Result "1-0"]
[WhiteElo "1977"]
[BlackElo "1457"]
[Annotator "TA"]
[PlyCount "55"]
[EventDate "2020.11.21"]
[EventType "team-tourn"]
[EventCountry "NET"]
[SourceTitle "playchess.com"]
[Source "ChessBase"]
[SourceQuality "1"]
[WhiteTeam "Hungary"]
[WhiteTeamCountry "HUN"]

1. e4 c5 2. c3 g6 3. d4 cxd4 4. cxd4 Bg7 5. Nc3 d6 6. h3 Nf6 7. Nf3 O-O 8. Bd3 Nc6 9. O-O a6 10. a3 Bd7 11. Be3 b5 12. b4 Rc8 13. Rc1 Nb8 14. Qd2 Bc6 15. d5 Bb7 16. Bh6 Nbd7 17. Bxg7 Kxg7 18. Nd4 Qb6 19. Qe3 Ne5 20. Nf5+ gxf5 21. Qxb6 Nxd3 22. Qxb7 Nxc1 23. Rxc1 Nxe4 24. Ne2 Ra8 25. Nd4 Kf6 26. Qd7 e6 27. dxe6 Rad8 28. e7 1-0

[Event "FIDE Olympiad Disabilties 2020"]
[Site "Online"]
[Date "2020.11.21"]
[Round "6.8"]
[White "Nguyen, Van Quan"]
[Black "Paal, Attila"]
[Result "0-1"]
[WhiteElo "1783"]
[BlackElo "2148"]
[Annotator "TA"]
[PlyCount "78"]
[EventDate "2020.11.21"]
[EventType "team-tourn"]
[EventCountry "NET"]
[SourceTitle "playchess.com"]
[Source "ChessBase"]
[SourceQuality "1"]
[WhiteTeam "Vietnam"]
[BlackTeam "Hungary"]
[WhiteTeamCountry "VIE"]
[BlackTeamCountry "HUN"]

1. d4 Nf6 2. Nf3 e6 3. c4 c5 4. d5 exd5 5. cxd5 Bd6 6. Nc3 O-O 7. Bg5 Re8 8. e3 Bf8 9. Bd3 d6 10. O-O a6 11. a4 Bg4 12. Qc2 h6 13. Bh4 Bxf3 14. gxf3 Nbd7 15. f4 Qa5 16. e4 Qb4 17. Rfe1 g6 18. a5 b5 19. axb6 Qxb6 20. Qe2 c4 21. Bxc4 Nxe4 22. Nxe4 f5 23. Qc2 fxe4 24. Rxe4 Rxe4 25. Qxe4 Qxb2 26. Rb1 Nc5 27. Qxg6+ Qg7 28. Qxg7+ Kxg7 29. f5 a5 30. Ra1 a4 31. Ra3 Rb8 32. Bg3 Kf6 33. f3 Rb4 34. Ba2 Kxf5 35. Bf2 Nb3 36. Be1 Rd4 37. Bxb3 axb3 38. Rxb3 Rxd5 39. Kg2 Bg7 0-1

[Event "FIDE Olympiad Disabilties 2020"]
[Site "Online"]
[Date "2020.11.21"]
[Round "6.8"]
[White "Doan, Thu Huyen"]
[Black "Frink, Ferenc"]
[Result "0-1"]
[WhiteElo "1535"]
[BlackElo "2056"]
[Annotator "TA"]
[PlyCount "124"]
[EventDate "2020.11.21"]
[EventType "team-tourn"]
[EventCountry "NET"]
[SourceTitle "playchess.com"]
[Source "ChessBase"]
[SourceQuality "1"]
[WhiteTeam "Vietnam"]
[BlackTeam "Hungary"]
[WhiteTeamCountry "VIE"]
[BlackTeamCountry "HUN"]

1. d4 Nf6 2. Nf3 e6 3. Bf4 Nc6 4. e3 d6 5. c3 Bd7 6. Be2 g6 7. Nbd2 Bg7 8. h3 O-O 9. O-O Re8 10. Qb3 Ne7 11. Qxb7 Ned5 12. Bg3 Rb8 13. Qxa7 Rxb2 14. Qa3 Rb8 15. Rab1 Qe7 16. c4 Ra8 17. Qb2 Nb6 18. Rfc1 Nh5 19. Bh2 e5 20. dxe5 dxe5 21. e4 Nf4 22. Bf1 Na4 23. Qc2 Nc5 24. Nb3 f5 25. Nxc5 Qxc5 26. Nd2 Ba4 27. Qc3 Bc6 28. Qc2 fxe4 29. Nxe4 Bxe4 30. Qxe4 Rxa2 31. Rc2 Rxc2 32. Qxc2 Rf8 33. Kh1 Ne6 34. f3 Nd4 35. Qd3 Rd8 36. Qe4 Nf5 37. Ra1 c6 38. Re1 Qf2 39. Qe2 Ng3+ 40. Bxg3 Qxg3 41. Qe3 Rd4 42. f4 Qxf4 43. Qxf4 exf4 44. Rb1 c5 45. Kh2 Rd2 46. Kh1 Bd4 47. Kh2 f3 48. Kh1 f2 49. g4 g5 50. Kg2 Kg7 51. Rb7+ Kg8 52. Rd7 Rd1 53. Rb7 h6 54. Rd7 Ra1 55. Rb7 Ra2 56. Rd7 Kf8 57. Rh7 Bg7 58. Bd3 Ra7 59. Kxf2 Ra3 60. Bf5 Rxh3 61. Ke2 Rc3 62. Bd3 Kg8 0-1

[Event "FIDE Olympiad Disabilties 2020"]
[Site "Online"]
[Date "2020.11.21"]
[Round "6.8"]
[White "Gaspar, Muriel Aranka"]
[Black "Nguyen, Thi Hong Chau"]
[Result "0-1"]
[WhiteElo "1423"]
[BlackElo "1366"]
[Annotator "NA"]
[PlyCount "76"]
[EventDate "2020.11.21"]
[EventType "team-tourn"]
[EventCountry "NET"]
[SourceTitle "playchess.com"]
[Source "ChessBase"]
[SourceQuality "1"]
[WhiteTeam "Hungary"]
[BlackTeam "Vietnam"]
[WhiteTeamCountry "HUN"]
[BlackTeamCountry "VIE"]

1. e4 c5 2. Nf3 d6 3. d4 cxd4 4. Nxd4 Nf6 5. Nc3 a6 6. Bc4 e6 7. O-O b5 8. Bd3 Be7 9. a3 Bb7 10. f4 Nc6 11. Be3 O-O 12. Nxc6 Bxc6 13. e5 Nd5 14. Nxd5 Bxd5 15. Qh5 g6 16. Qe2 Re8 17. b4 dxe5 18. fxe5 Bf8 19. Qf2 Qd7 20. Rad1 Qb7 21. Bg5 Bg7 22. Bf6 Rac8 23. Rd2 Bf8 24. Qh4 Bg7 25. Rdf2 Rc7 26. Qg5 Be4 27. h4 Bxd3 28. cxd3 h6 29. Qg3 Kh7 30. h5 Rg8 31. hxg6+ fxg6 32. Bxg7 Rgxg7 33. Rf6 Qd5 34. Qf3 Qxe5 35. Qf2 Rcd7 36. Qb6 Rd6 37. Qb8 Qd4+ 38. Kh1 Rd5 0-1

[Event "FIDE Olympiad Disabilties 2020"]
[Site "Online"]
[Date "2020.11.21"]
[Round "6.9"]
[White "Ostry, Irina"]
[Black "Mesa, Francisco Alonso Jr."]
[Result "1-0"]
[WhiteElo "2147"]
[BlackElo "1837"]
[Annotator "RC"]
[PlyCount "87"]
[EventDate "2020.11.21"]
[EventType "team-tourn"]
[EventCountry "NET"]
[SourceTitle "playchess.com"]
[Source "ChessBase"]
[SourceQuality "1"]
[WhiteTeam "Kyrgyzstan"]
[BlackTeam "Colombia"]
[WhiteTeamCountry "KGZ"]
[BlackTeamCountry "COL"]

1. e4 c5 2. Nf3 e6 3. d4 cxd4 4. Nxd4 a6 5. Bd3 Bc5 6. Nb3 Be7 7. c4 Qc7 8. O-O Nf6 9. Re1 d6 10. Nc3 Nc6 11. Qe2 b6 12. Bg5 Ne5 13. Rac1 Bb7 14. f4 Nxd3 15. Qxd3 h6 16. Bh4 O-O 17. h3 Rac8 18. Nd2 Rfe8 19. Bf2 Nd7 20. Qg3 Bf6 21. Be3 Nc5 22. Bxc5 Qxc5+ 23. Kh1 Red8 24. b3 Bd4 25. Na4 Qb4 26. Nf3 Bc5 27. f5 Kh8 28. fxe6 fxe6 29. Nh4 b5 30. Ng6+ Kh7 31. Nxc5 Rxc5 32. e5 bxc4 33. bxc4 Qd2 34. Rcd1 Qxa2 35. Nf4 Qxc4 36. Qg6+ Kg8 37. Nxe6 Rd7 38. Nxc5 Qxc5 39. Qe8+ Kh7 40. Qxd7 Bxg2+ 41. Kxg2 Qc2+ 42. Kf3 Qc3+ 43. Re3 d5 44. Rxc3 1-0

[Event "FIDE Olympiad Disabilties 2020"]
[Site "Online"]
[Date "2020.11.21"]
[Round "6.9"]
[White "Molina, Gildardo"]
[Black "Arstanbekov, Dzhanysh"]
[Result "1/2-1/2"]
[WhiteElo "1998"]
[BlackElo "1729"]
[Annotator "TA"]
[PlyCount "75"]
[EventDate "2020.11.21"]
[EventType "team-tourn"]
[EventCountry "NET"]
[SourceTitle "playchess.com"]
[Source "ChessBase"]
[SourceQuality "1"]
[WhiteTeam "Colombia"]
[BlackTeam "Kyrgyzstan"]
[WhiteTeamCountry "COL"]
[BlackTeamCountry "KGZ"]

1. e4 c5 2. Nc3 Nc6 3. g3 d6 4. Bg2 g6 5. f4 Bg7 6. Nf3 e6 7. d3 Nge7 8. O-O O-O 9. Be3 b6 10. Qd2 Bb7 11. Rae1 d5 12. exd5 Nxd5 13. Nxd5 exd5 14. d4 c4 15. Ne5 f6 16. Nxc6 Bxc6 17. f5 g5 18. g4 h6 19. Bf2 Re8 20. Bg3 Qd7 21. Rxe8+ Rxe8 22. Re1 Bf8 23. Kf2 Kf7 24. Rxe8 Qxe8 25. Qe3 Qxe3+ 26. Kxe3 Ke8 27. Bf3 Kd7 28. Be2 Bd6 29. Bxd6 Kxd6 30. h3 b5 31. a3 a5 32. c3 Kc7 33. Kd2 Kb6 34. Kc2 Bb7 35. Bf3 Bc6 36. Be2 Be8 37. Bf3 Bc6 38. Be2 1/2-1/2

[Event "FIDE Olympiad Disabilties 2020"]
[Site "Online"]
[Date "2020.11.21"]
[Round "6.9"]
[White "Bautista Chiquillo, Leidy"]
[Black "Bolotov, Toktobek"]
[Result "0-1"]
[WhiteElo "1638"]
[BlackElo "1448"]
[Annotator "NA"]
[PlyCount "42"]
[EventDate "2020.11.21"]
[EventType "team-tourn"]
[EventCountry "NET"]
[SourceTitle "playchess.com"]
[Source "ChessBase"]
[SourceQuality "1"]
[WhiteTeam "Colombia"]
[BlackTeam "Kyrgyzstan"]
[WhiteTeamCountry "COL"]
[BlackTeamCountry "KGZ"]

1. b3 Nf6 2. Bb2 g6 3. c4 Bg7 4. Nc3 O-O 5. Nf3 d6 6. d4 a6 7. e4 Nbd7 8. e5 dxe5 9. dxe5 Ng4 10. e6 fxe6 11. Ng5 Ndf6 12. Qe2 Qd6 13. Rd1 Qb6 14. h3 Qxf2+ 15. Qxf2 Nxf2 16. Rd2 Nxh1 17. Nce4 h6 18. Nxf6+ exf6 19. Ne4 f5 20. Bxg7 Kxg7 21. Nc3 Ng3 0-1

[Event "FIDE Olympiad Disabilties 2020"]
[Site "Online"]
[Date "2020.11.21"]
[Round "6.9"]
[White "Rakhatbekov, Tilegen"]
[Black "Care Garcia, Jose Joaquin"]
[Result "1/2-1/2"]
[WhiteElo "1399"]
[BlackElo "1796"]
[Annotator "NA"]
[PlyCount "64"]
[EventDate "2020.11.21"]
[EventType "team-tourn"]
[EventCountry "NET"]
[SourceTitle "playchess.com"]
[Source "ChessBase"]
[SourceQuality "1"]
[WhiteTeam "Kyrgyzstan"]
[BlackTeam "Colombia"]
[WhiteTeamCountry "KGZ"]
[BlackTeamCountry "COL"]

1. d4 Nf6 2. Bf4 g6 3. Nf3 Bg7 4. e3 d6 5. Bc4 Nbd7 6. Nbd2 c5 7. c3 O-O 8. O-O a6 9. a4 b6 10. e4 cxd4 11. cxd4 Bb7 12. Re1 Rc8 13. e5 dxe5 14. Nxe5 Nxe5 15. Bxe5 Bh6 16. b3 e6 17. h3 Nd7 18. Bg3 Nf6 19. Qe2 Qxd4 20. Be5 Qxd2 21. Bxf6 Qxe2 22. Rxe2 Bg7 23. Bxg7 Kxg7 24. Rd1 b5 25. axb5 axb5 26. Bxb5 Bd5 27. Ba4 Rb8 28. Rb2 Rb4 29. Rbd2 Rc8 30. Rd4 Rcb8 31. Rxb4 Rxb4 32. Rd3 Kf6 1/2-1/2

[Event "FIDE Olympiad Disabilties 2020"]
[Site "Online"]
[Date "2020.11.21"]
[Round "6.10"]
[White "Anfinogenov, Artem"]
[Black "Piekielny, Pawel"]
[Result "1/2-1/2"]
[WhiteElo "2061"]
[BlackElo "2098"]
[Annotator "NA RC"]
[PlyCount "59"]
[EventDate "2020.11.21"]
[EventType "team-tourn"]
[EventCountry "NET"]
[SourceTitle "playchess.com"]
[Source "ChessBase"]
[SourceQuality "1"]
[WhiteTeam "Russia"]
[BlackTeam "Poland"]
[WhiteTeamCountry "RUS"]
[BlackTeamCountry "POL"]

1. c4 Nf6 2. Nc3 e6 3. e4 d5 4. e5 d4 5. exf6 dxc3 6. bxc3 Qxf6 7. d4 e5 8. Nf3 exd4 9. Bg5 Qe6+ 10. Be2 Be7 11. cxd4 Bxg5 12. Nxg5 Qg6 13. Qd2 O-O 14. O-O Nc6 15. d5 Ne7 16. Rab1 b6 17. Rb3 Bf5 18. Qf4 Rad8 19. Rg3 Qd6 20. Qh4 Bg6 21. Bd3 Nf5 22. Bxf5 Bxf5 23. Nf3 Rde8 24. Nd4 Bg6 25. Nb5 Qc5 26. Qf4 Re4 27. Qxc7 Rxc4 28. Qxc5 Rxc5 29. Nxa7 Rxd5 30. Nc6 1/2-1/2

[Event "FIDE Olympiad Disabilties 2020"]
[Site "Online"]
[Date "2020.11.21"]
[Round "6.10"]
[White "Szalko, Maciej"]
[Black "Lipilin, Ilia"]
[Result "1-0"]
[WhiteElo "1946"]
[BlackElo "2189"]
[Annotator "TA"]
[PlyCount "109"]
[EventDate "2020.11.21"]
[EventType "team-tourn"]
[EventCountry "NET"]
[SourceTitle "playchess.com"]
[Source "ChessBase"]
[SourceQuality "1"]
[WhiteTeam "Poland"]
[BlackTeam "Russia"]
[WhiteTeamCountry "POL"]
[BlackTeamCountry "RUS"]

1. d4 f5 2. Qd3 d6 3. g4 fxg4 4. h3 g3 5. Qxg3 Nf6 6. Nc3 Nc6 7. Be3 Bf5 8. O-O-O Qd7 9. h4 O-O-O 10. Bh3 e5 11. dxe5 Nxe5 12. Qf4 Bxh3 13. Nxh3 Qg4 14. Ng5 Re8 15. Qd4 Qxd4 16. Bxd4 Nc6 17. Nf7 Rg8 18. Nh6 gxh6 19. Bxf6 Rg6 20. Bd4 Nxd4 21. Rxd4 Bg7 22. Re4 Rf8 23. f3 Bxc3 24. bxc3 Kd7 25. Kd2 Rf5 26. Rb1 b6 27. Rbb4 a5 28. Rf4 Re5 29. Rf7+ Ke6 30. Rbf4 Rg2 31. R7f6+ Kd7 32. Rf7+ Ke6 33. R7f6+ Kd5 34. Rd4+ Kc5 35. Re4 Rxe4 36. fxe4 Rg4 37. Rxh6 Rxe4 38. Rxh7 c6 39. h5 Ra4 40. h6 Rxa2 41. Rg7 Ra1 42. Rg5+ d5 43. Rh5 a4 44. h7 a3 45. h8=Q a2 46. Rh1 Rb1 47. Qd4+ Kb5 48. c4+ dxc4 49. Rc1 c5 50. Qc3 Ka4 51. Qxc4+ Ka3 52. Qa6+ Kb2 53. Qxb6+ Ka1 54. Qa5 c4 55. Qc3# 1-0

[Event "FIDE Olympiad Disabilties 2020"]
[Site "Online"]
[Date "2020.11.21"]
[Round "6.10"]
[White "Tsapalin, Sergey"]
[Black "Kasperczyk, Szymon"]
[Result "0-1"]
[WhiteElo "1943"]
[BlackElo "1790"]
[Annotator "TA"]
[PlyCount "142"]
[EventDate "2020.11.21"]
[EventType "team-tourn"]
[EventCountry "NET"]
[SourceTitle "playchess.com"]
[Source "ChessBase"]
[SourceQuality "1"]
[WhiteTeam "Russia"]
[BlackTeam "Poland"]
[WhiteTeamCountry "RUS"]
[BlackTeamCountry "POL"]

1. d4 Nf6 2. c4 d6 3. Nc3 Nbd7 4. e4 e5 5. d5 c6 6. f3 Be7 7. Nh3 O-O 8. Be3 a5 9. Nf2 h6 10. Be2 Re8 11. O-O Nf8 12. Qd2 Ng6 13. Nd3 c5 14. b3 Nh7 15. a3 f5 16. b4 f4 17. Bf2 axb4 18. axb4 Rxa1 19. Rxa1 b6 20. Nb5 Bd7 21. bxc5 bxc5 22. Ra6 Qb8 23. Qa5 Bd8 24. Qa4 Bb6 25. Be1 Ne7 26. Ba5 Nc8 27. Nc1 Qb7 28. Bxb6 Nxb6 29. Qa5 Bxb5 30. cxb5 Rb8 31. Ra7 Qc8 32. Qa6 Nf6 33. Na2 Nfd7 34. Nc3 Ra8 35. Qxc8+ Rxc8 36. Na4 Ra8 37. Rxa8+ Nxa8 38. Kf1 Kf7 39. Ke1 Nab6 40. Nb2 Ke7 41. Kd2 Kd8 42. Kc3 Kc7 43. Kb3 Nf6 44. g3 Nh5 45. gxf4 Nxf4 46. Bf1 g6 47. Nd1 Nc8 48. Ne3 h5 49. h4 Nb6 50. Nd1 Kd7 51. Nf2 Ke7 52. Nd1 Kf6 53. Ne3 Ke7 54. Nc4 Nxc4 55. Kxc4 Kd7 56. b6 Kc8 57. Kb5 Kb7 58. Ka5 c4 59. Bxc4 Ng2 60. Bb5 Nxh4 61. f4 exf4 62. e5 Nf5 63. Bd3 f3 64. Bxf5 gxf5 65. e6 f2 66. e7 f1=Q 67. e8=Q Qa1+ 68. Kb4 Qd4+ 69. Ka3 Qc5+ 70. Ka4 Qc4+ 71. Ka3 Qa6+ 0-1

[Event "FIDE Olympiad Disabilties 2020"]
[Site "Online"]
[Date "2020.11.21"]
[Round "6.10"]
[White "Szewczyk, Malwina"]
[Black "Nikitskaya, Varvara"]
[Result "1-0"]
[WhiteElo "1418"]
[BlackElo "1173"]
[Annotator "NA"]
[PlyCount "71"]
[EventDate "2020.11.21"]
[EventType "team-tourn"]
[EventCountry "NET"]
[SourceTitle "playchess.com"]
[Source "ChessBase"]
[SourceQuality "1"]
[WhiteTeam "Poland"]
[BlackTeam "Russia"]
[WhiteTeamCountry "POL"]
[BlackTeamCountry "RUS"]

1. e4 c5 2. d4 cxd4 3. c3 e5 4. Nf3 Nc6 5. cxd4 exd4 6. Nxd4 Nf6 7. Nc3 Bb4 8. Bd3 Nxd4 9. e5 Nd5 10. Bd2 Bxc3 11. bxc3 Ne6 12. O-O O-O 13. Qg4 d6 14. Qe4 g6 15. Qxd5 dxe5 16. c4 Nc7 17. Qf3 f5 18. Qe2 e4 19. Bc2 Ne6 20. Bc3 Nc5 21. Bb4 b6 22. Rad1 Qc7 23. Qe3 Be6 24. Rd4 a5 25. Ba3 Rfd8 26. Rfd1 Rab8 27. Bb2 Rd7 28. Rxd7 Bxd7 29. Qd4 Kf7 30. Qf6+ Ke8 31. Be5 Qd8 32. Qh8+ Kf7 33. Qg7+ Ke8 34. Bxb8 Qxb8 35. Qg8+ Ke7 36. Qxb8 1-0

[Event "FIDE Olympiad Disabilties 2020"]
[Site "Online"]
[Date "2020.11.21"]
[Round "6.11"]
[White "Ovcharov, Taras"]
[Black "Subaste, Arman"]
[Result "0-1"]
[WhiteElo "2007"]
[BlackElo "1894"]
[Annotator "TA"]
[PlyCount "88"]
[EventDate "2020.11.21"]
[EventType "team-tourn"]
[EventCountry "NET"]
[SourceTitle "playchess.com"]
[Source "ChessBase"]
[SourceQuality "1"]
[WhiteTeam "Ukraine"]
[BlackTeam "Philippines"]
[WhiteTeamCountry "UKR"]
[BlackTeamCountry "PHI"]

1. e4 e5 2. Nf3 Nf6 3. Nxe5 d6 4. Nf3 Nxe4 5. d4 d5 6. Bd3 Nc6 7. O-O Be7 8. Re1 Bf5 9. c4 Nb4 10. Bf1 dxc4 11. Bxc4 O-O 12. a3 Nd6 13. axb4 Nxc4 14. Qe2 Be6 15. b5 Nb6 16. Nc3 Bb4 17. Bg5 Qd7 18. Red1 Bb3 19. Rdc1 Rfe8 20. Qd3 Bc4 21. Qc2 Bxc3 22. Qxc3 Qxb5 23. Ne5 Be6 24. Ra5 Qe2 25. Re1 Qh5 26. Qg3 Nd5 27. Rea1 b6 28. Rxd5 Bxd5 29. Bf6 Qh6 30. Bg5 Qe6 31. h4 c5 32. Re1 cxd4 33. h5 h6 34. Bf4 Qf5 35. Rd1 Qxh5 36. Rxd4 Rad8 37. f3 Be6 38. Ng4 Bxg4 39. Rxd8 Rxd8 40. fxg4 Rd1+ 41. Kf2 Qb5 42. Qc3 Qf1+ 43. Ke3 Re1+ 44. Kd2 Qe2# 0-1

[Event "FIDE Olympiad Disabilties 2020"]
[Site "Online"]
[Date "2020.11.21"]
[Round "6.11"]
[White "Filippskikh, Oleksii"]
[Black "Peligro, Israel"]
[Result "1-0"]
[WhiteElo "1983"]
[BlackElo "1539"]
[Annotator "TA"]
[PlyCount "61"]
[EventDate "2020.11.21"]
[EventType "team-tourn"]
[EventCountry "NET"]
[SourceTitle "playchess.com"]
[Source "ChessBase"]
[SourceQuality "1"]
[WhiteTeam "Ukraine"]
[BlackTeam "Philippines"]
[WhiteTeamCountry "UKR"]
[BlackTeamCountry "PHI"]

1. Nf3 Nf6 2. c4 c6 3. g3 d5 4. d4 dxc4 5. Bg2 g6 6. O-O Bg7 7. Ne5 Ng4 8. Nxg4 Bxg4 9. h3 Be6 10. e3 Qd7 11. Kh2 O-O 12. Na3 a6 13. Qe2 b5 14. Nc2 a5 15. Rd1 Na6 16. e4 Rfd8 17. a4 b4 18. Ne3 Bxd4 19. Nxc4 Bxc4 20. Qxc4 c5 21. e5 Ra7 22. Be3 Qe6 23. Qxe6 fxe6 24. Rac1 Rad7 25. Bc6 Rc7 26. Bb5 Nb8 27. Bxd4 Rcc8 28. Be3 Rxd1 29. Rxd1 c4 30. Rc1 c3 31. bxc3 1-0

[Event "FIDE Olympiad Disabilties 2020"]
[Site "Online"]
[Date "2020.11.21"]
[Round "6.11"]
[White "Tellor, Max Dave"]
[Black "Pokotaiev, Vladyslav"]
[Result "0-1"]
[WhiteElo "1771"]
[BlackElo "1839"]
[Annotator "NA"]
[PlyCount "54"]
[EventDate "2020.11.21"]
[EventType "team-tourn"]
[EventCountry "NET"]
[SourceTitle "playchess.com"]
[Source "ChessBase"]
[SourceQuality "1"]
[WhiteTeam "Philippines"]
[BlackTeam "Ukraine"]
[WhiteTeamCountry "PHI"]
[BlackTeamCountry "UKR"]

1. Nf3 d5 2. d4 Nf6 3. c4 c6 4. Nc3 a6 5. g3 dxc4 6. Bg2 Nbd7 7. O-O e6 8. Re1 b5 9. Bf4 Bb7 10. Rc1 c5 11. a4 Qb6 12. b3 b4 13. dxc5 Bxc5 14. Na2 Bxf2+ 15. Kh1 Bxe1 16. Qxe1 c3 17. Rd1 Bd5 18. Nd4 Bxg2+ 19. Kxg2 e5 20. Nf5 exf4 21. Nd6+ Kf8 22. Rd3 Nc5 23. Nc4 Nxd3 24. exd3 Qb7+ 25. Kg1 Rd8 26. Nc1 g6 27. Qe5 Kg7 0-1

[Event "FIDE Olympiad Disabilties 2020"]
[Site "Online"]
[Date "2020.11.21"]
[Round "6.11"]
[White "Angot, Cheryl A."]
[Black "Myronenko, Natalya"]
[Result "1-0"]
[WhiteElo "1315"]
[BlackElo "1830"]
[Annotator "NA"]
[PlyCount "67"]
[EventDate "2020.11.21"]
[EventType "team-tourn"]
[EventCountry "NET"]
[SourceTitle "playchess.com"]
[Source "ChessBase"]
[SourceQuality "1"]
[WhiteTeam "Philippines"]
[BlackTeam "Ukraine"]
[WhiteTeamCountry "PHI"]
[BlackTeamCountry "UKR"]

1. e4 e5 2. Nf3 Nc6 3. Bc4 Bc5 4. O-O Nf6 5. d4 Bxd4 6. Nxd4 Nxd4 7. Bg5 Ne6 8. Bxe6 dxe6 9. Qf3 O-O 10. Rd1 Qe7 11. Qg3 Kh8 12. Qxe5 b6 13. Nc3 Bb7 14. Rd3 Rfd8 15. Rh3 Rd7 16. Qf4 Rad8 17. e5 Rd4 18. exf6 Qd7 19. fxg7+ Kg8 20. Qe3 Qc6 21. f3 R8d6 22. Bf6 Rg4 23. Qh6 Qc5+ 24. Kh1 Qf5 25. fxg4 Qxc2 26. Rg1 Rd2 27. Rg3 a6 28. Qf4 Rd7 29. Qc1 Qg6 30. g5 c5 31. Rd1 Rxd1+ 32. Qxd1 h5 33. Qd8+ Kh7 34. Qh8# 1-0

[Event "FIDE Olympiad Disabilties 2020"]
[Site "Online"]
[Date "2020.11.21"]
[Round "6.12"]
[White "Barata, Adriano Albiani"]
[Black "Abatantuono Lattarulo, Giuseppe"]
[Result "1-0"]
[WhiteElo "2144"]
[BlackElo "2112"]
[Annotator "TA"]
[PlyCount "75"]
[EventDate "2020.11.21"]
[EventType "team-tourn"]
[EventCountry "NET"]
[SourceTitle "playchess.com"]
[Source "ChessBase"]
[SourceQuality "1"]
[WhiteTeam "Brazil"]
[BlackTeam "Venezuela"]
[WhiteTeamCountry "BRA"]
[BlackTeamCountry "VEN"]

1. e4 e5 2. Nf3 Nc6 3. Bc4 Nf6 4. d3 Bc5 5. O-O d6 6. c3 Bb6 7. Nbd2 Be6 8. Bb5 a6 9. Ba4 Bd7 10. h3 Ba7 11. Re1 b5 12. Bb3 Na5 13. Bc2 c5 14. Nf1 h6 15. Ng3 Nc6 16. Be3 O-O 17. Qd2 Kh7 18. d4 Qc7 19. d5 Ne7 20. Nh4 c4 21. Rad1 Bxe3 22. Qxe3 Ng6 23. Nhf5 Nf4 24. Ne2 Bxf5 25. exf5 Nxe2+ 26. Rxe2 Qa7 27. Qf3 Rae8 28. g4 Qc5 29. h4 e4 30. Bxe4 Rxe4 31. Rxe4 Nxe4 32. Qxe4 f6 33. Kg2 Qc8 34. Re1 a5 35. g5 b4 36. g6+ Kh8 37. Qe6 Qb8 38. Qe7 1-0

[Event "FIDE Olympiad Disabilties 2020"]
[Site "Online"]
[Date "2020.11.21"]
[Round "6.12"]
[White "Rivas Cabrera, Edgar"]
[Black "Maia, Jose Eduardo Bastos "]
[Result "1-0"]
[WhiteElo "2019"]
[BlackElo "2043"]
[Annotator "TA"]
[PlyCount "89"]
[EventDate "2020.11.21"]
[EventType "team-tourn"]
[EventCountry "NET"]
[SourceTitle "playchess.com"]
[Source "ChessBase"]
[SourceQuality "1"]
[WhiteTeam "Venezuela"]
[BlackTeam "Brazil"]
[WhiteTeamCountry "VEN"]
[BlackTeamCountry "BRA"]

1. c4 Nf6 2. g3 e6 3. Bg2 d5 4. Nf3 c6 5. b3 Be7 6. O-O O-O 7. Bb2 b6 8. e3 Nbd7 9. Qe2 Ba6 10. d3 Qc7 11. Nbd2 Rad8 12. Rac1 c5 13. Rfd1 Qb8 14. Qe1 Bb7 15. Qe2 Qa8 16. Ne1 Rfe8 17. Qf1 Nb8 18. Ndf3 Nc6 19. Ne5 Nxe5 20. Bxe5 d4 21. e4 a5 22. a4 Nd7 23. Bf4 Bf6 24. Nc2 h6 25. Na3 Bg5 26. Bd2 Bxd2 27. Rxd2 e5 28. Bh3 Nf6 29. Nb5 Qb8 30. Re1 Bc8 31. f3 h5 32. Kh1 Kh8 33. Qg2 Kg8 34. Rg1 Kf8 35. Bxc8 Qxc8 36. g4 hxg4 37. fxg4 Re6 38. Qh3 Ng8 39. Rf2 Rh6 40. Qg3 Rd7 41. Rgf1 Re7 42. Rf5 f6 43. g5 Rg6 44. Qh4 Ke8 45. Nd6+ 1-0

[Event "FIDE Olympiad Disabilties 2020"]
[Site "Online"]
[Date "2020.11.21"]
[Round "6.12"]
[White "Moyses Sobrinho, Elias"]
[Black "Abiad Parra, Victor"]
[Result "1/2-1/2"]
[WhiteElo "1884"]
[BlackElo "1860"]
[Annotator "NA"]
[PlyCount "169"]
[EventDate "2020.11.21"]
[EventType "team-tourn"]
[EventCountry "NET"]
[SourceTitle "playchess.com"]
[Source "ChessBase"]
[SourceQuality "1"]
[WhiteTeam "Brazil"]
[BlackTeam "Venezuela"]
[WhiteTeamCountry "BRA"]
[BlackTeamCountry "VEN"]

1. e4 e5 2. Nf3 Nc6 3. d4 exd4 4. Nxd4 Nf6 5. Nxc6 bxc6 6. Bd3 d5 7. exd5 cxd5 8. Bb5+ Bd7 9. Qe2+ Be7 10. O-O O-O 11. Bxd7 Qxd7 12. Nc3 Rfe8 13. Qd3 c6 14. h3 h6 15. Bf4 Qb7 16. b3 Nd7 17. Na4 Rad8 18. Rad1 Bf6 19. Rfe1 Qb4 20. Rxe8+ Rxe8 21. Bd2 Qh4 22. Bc3 Ne5 23. Bxe5 Rxe5 24. Nc5 Re8 25. Nd7 Bg5 26. Qa6 Qb4 27. Qxa7 Bf4 28. g3 Bd6 29. Qb6 Qxb6 30. Nxb6 Re2 31. Na4 Rxc2 32. Kf1 Rxa2 33. Rc1 Be5 34. Rxc6 Bd4 35. f4 Bf2 36. g4 d4 37. Rd6 Be3 38. f5 Kf8 39. Nc5 Ke7 40. Rd5 Rh2 41. b4 Rb2 42. Nd3 Rd2 43. Ne5 Rb2 44. Nc6+ Kf6 45. h4 g5 46. Rd6+ Kg7 47. h5 Rf2+ 48. Ke1 Rf4 49. Ne5 Bg1 50. Kd2 Bh2 51. Rd5 Re4 52. Nf3 Bf4+ 53. Kd1 Be3 54. b5 Rxg4 55. b6 d3 56. b7 Rb4 57. Rxd3 Bf4 58. Rd7 g4 59. Nh4 g3 60. Ng2 Bb8 61. Ke2 Rb3 62. Ne3 Kf6 63. Ng4+ Kxf5 64. Nxh6+ Kg5 65. Nxf7+ Kxh5 66. Nd8 Rc3 67. Ne6 Rb3 68. Nc5 Rb2+ 69. Kf3 g2 70. Rg7 Rb5 71. Na6 Rxb7 72. Rxg2 Rf7+ 73. Ke4 Bd6 74. Rd2 Be7 75. Nb8 Kg6 76. Nc6 Bf6 77. Rg2+ Kh5 78. Nd4 Bg5 79. Nf5 Kg6 80. Nh4+ Kh5 81. Nf3 Rf4+ 82. Ke3 Rg4+ 83. Kf2 Rxg2+ 84. Kxg2 Kg4 85. Nxg5 1/2-1/2